Southville International School and Colleges
Your cart is empty.
  • Cart
  • Lists
    Public lists Eva Luna New books Lux_list list_1
    Your lists Log in to create your own lists
  • Log in to your account
  • Your cookies
  • Search history
Southville International School and Colleges
  • Advanced search
  • Recent comments
  • Most popular
  • Libraries

Log in to your account

Log in with GOOGLE


If you do not have an external account, but do have a local account, you can still log in:

  1. Home
  2. MARC view: IB english b :
Normal view MARC view ISBD view

IB english b : (Record no. 2951)

[ view plain ]
MARC details
000 -LEADER
fixed length control field 00542nam a22002057a 4500
003 - CONTROL NUMBER IDENTIFIER
control field OSt
005 - DATE AND TIME OF LATEST TRANSACTION
control field 20151104111351.0
008 - FIXED-LENGTH DATA ELEMENTS--GENERAL INFORMATION
fixed length control field 130620t xxu||||| |||| 00| 0 eng d
020 ## - INTERNATIONAL STANDARD BOOK NUMBER
International Standard Book Number 9781596574151
020 ## - INTERNATIONAL STANDARD BOOK NUMBER
International Standard Book Number 1596574151
050 ## - LIBRARY OF CONGRESS CALL NUMBER
Classification number PS 3531
Item number .M884 2008
082 ## - DEWEY DECIMAL CLASSIFICATION NUMBER
Classification number IB 428
Item number M84-sab 2008
100 ## - MAIN ENTRY--PERSONAL NAME
Personal name Morse, Elizabeth
245 ## - TITLE STATEMENT
Title IB english b :
Statement of responsibility, etc by Elizabeth Morse
Remainder of title student activity book
260 ## - PUBLICATION, DISTRIBUTION, ETC. (IMPRINT)
Place of publication, distribution, etc USA :
Name of publisher, distributor, etc Teaching Point,
Date of publication, distribution, etc c2008.
300 ## - PHYSICAL DESCRIPTION
Extent 362 pages. :
Dimensions 27 cm.
562 ## - COPY AND VERSION IDENTIFICATION NOTE
Number of copies 1
942 ## - ADDED ENTRY ELEMENTS (KOHA)
Source of classification or shelving scheme Library of Congress Classification
Koha item type Books
Holdings
Withdrawn status Lost status Source of classification or shelving scheme Damaged status Home library Current library Shelving location Date acquired Total Checkouts Full call number Barcode Date last seen Date checked out Copy number Price effective from Koha item type
    Library of Congress Classification   Luxembourg Library College Library International Baccalaureate Section 06/20/2013 1 PS 3531 .M884 2008 17455 06/16/2014 03/22/2014 1 06/20/2013 Books

IB english b :

APA

Morse E., . (2008). IB english b. USA: Teaching Point.

Chicago

Morse Elizabeth, . 2008. IB english b. USA: Teaching Point.

Harvard

Morse E., . (2008). IB english b. USA: Teaching Point.

MLA

Morse Elizabeth, . IB english b. USA: Teaching Point. 2008.

  • Place hold
  • Print
  • Cite
  • Add to your cart (remove)
  • Save record
    BIBTEX Dublin Core MARCXML MARC (non-Unicode/MARC-8) MARC (Unicode/UTF-8) MARC (Unicode/UTF-8, Standard) MODS (XML) RIS
  • More searches
    Search for this title in:
    Other Libraries (WorldCat) Other Databases (Google Scholar) Online Stores (Bookfinder.com) Open Library (openlibrary.org)

Exporting to Dublin Core...

SOUTHVILLE LIBRARY

Southville International School and Colleges Library

1281 Tropical Ave. Cor. Luxembourg St., BF Homes International, Las Pinas City

Tel. No. 8256374 / 252358 Loc. 117/146

Powered by Koha